[Event "ODJM A 2023"]
[Site "Willingen GER"]
[Date "2023.06.01"]
[Round "7"]
[White "Koll, Linus"]
[Black "Schulz, Jannis"]
[Result "1-0"]
[Termination "normal"]
[Board "9"]
[WhiteElo "2084"]
[BlackElo "1802"]
[WhiteClock "00:04:50"]
[BlackClock "00:21:55"]
[PlyCount "65"]
[WhiteFideId "12990299"]
[BlackFideId "16224710"]
[EventCountry "GER"]
[EventRounds "9"]
[EventType "swiss"]
[EventDate "2023.05.27"]

1. e4 {[%clk 01:30:59]} {[%emt 17:41:57]} c6 {[%clk 01:30:56]} {[%emt
00:00:05]} 2. Nf3 {[%clk 01:31:26]} {[%emt 00:00:04]} d5 {[%clk 01:31:22]}
{[%emt 00:00:03]} 3. exd5 {[%clk 01:31:53]} {[%emt 00:00:02]} cxd5 {[%clk
01:31:48]} {[%emt 00:00:04]} 4. Ne5 {[%clk 01:32:21]} {[%emt 00:00:03]} Nc6
{[%clk 01:32:10]} {[%emt 00:00:08]} 5. d4 {[%clk 01:32:47]} {[%emt 00:00:04]}
a6 {[%clk 01:32:37]} {[%emt 00:00:02]} 6. Nxc6 {[%clk 01:31:43]} {[%emt
00:01:34]} bxc6 {[%clk 01:33:01]} {[%emt 00:00:06]} 7. Be2 {[%clk 01:32:09]}
{[%emt 00:00:05]} Nf6 {[%clk 01:28:21]} {[%emt 00:05:09]} 8. O-O {[%clk
01:31:29]} {[%emt 00:01:10]} Bf5 {[%clk 01:26:03]} {[%emt 00:02:48]} 9. Nd2
{[%clk 01:16:10]} {[%emt 00:15:48]} e6 {[%clk 01:25:18]} {[%emt 00:01:15]} 10.
g4 {[%clk 01:16:07]} {[%emt 00:00:34]} Bg6 {[%clk 01:25:40]} {[%emt 00:00:08]}
11. f4 {[%clk 01:15:21]} {[%emt 00:01:17]} h6 {[%clk 01:22:06]} {[%emt
00:04:04]} 12. f5 {[%clk 01:09:37]} {[%emt 00:06:14]} Bh7 {[%clk 01:20:43]}
{[%emt 00:01:52]} 13. fxe6 {[%clk 00:53:44]} {[%emt 00:16:24]} fxe6 {[%clk
01:21:00]} {[%emt 00:00:12]} 14. g5 {[%clk 00:53:55]} {[%emt 00:00:20]} hxg5
{[%clk 01:19:29]} {[%emt 00:02:01]} 15. Nf3 {[%clk 00:54:07]} {[%emt 00:00:18]}
Qc7 {[%clk 01:16:08]} {[%emt 00:03:51]} 16. Nxg5 {[%clk 00:40:26]} {[%emt
00:14:11]} Bf5 {[%clk 01:16:13]} {[%emt 00:00:25]} 17. Bf4 {[%clk 00:34:52]}
{[%emt 00:06:04]} Bd6 {[%clk 01:15:17]} {[%emt 00:01:25]} 18. Qd2 {[%clk
00:32:55]} {[%emt 00:02:27]} Rh4 {[%clk 01:15:09]} {[%emt 00:00:37]} 19. Bxd6
{[%clk 00:31:43]} {[%emt 00:01:44]} Qxd6 {[%clk 01:15:33]} {[%emt 00:00:06]}
20. Nf3 {[%clk 00:24:03]} {[%emt 00:08:09]} Ng4 {[%clk 01:08:10]} {[%emt
00:07:53]} 21. Bd3 {[%clk 00:18:50]} {[%emt 00:05:44]} Rh5 {[%clk 00:59:14]}
{[%emt 00:09:27]} 22. Bxf5 {[%clk 00:13:45]} {[%emt 00:05:34]} exf5 {[%clk
00:56:55]} {[%emt 00:02:49]} 23. Rae1+ {[%clk 00:12:31]} {[%emt 00:01:43]} Kf7
{[%clk 00:52:40]} {[%emt 00:04:45]} 24. Re2 {[%clk 00:07:44]} {[%emt 00:05:16]}
Re8 {[%clk 00:44:56]} {[%emt 00:08:14]} 25. Rxe8 {[%clk 00:07:22]} {[%emt
00:00:53]} Kxe8 {[%clk 00:43:48]} {[%emt 00:01:38]} 26. Re1+ {[%clk 00:06:59]}
{[%emt 00:00:53]} Kf8 {[%clk 00:41:24]} {[%emt 00:02:54]} 27. Qe2 {[%clk
00:06:12]} {[%emt 00:01:17]} Nf6 {[%clk 00:37:47]} {[%emt 00:04:06]} 28. Qe6
{[%clk 00:05:29]} {[%emt 00:01:15]} Qc7 {[%clk 00:24:14]} {[%emt 00:14:02]} 29.
Ne5 {[%clk 00:05:01]} {[%emt 00:00:57]} Rg5+ {[%clk 00:24:22]} {[%emt
00:00:22]} 30. Kh1 {[%clk 00:05:08]} {[%emt 00:00:24]} c5 {[%clk 00:23:04]}
{[%emt 00:01:48]} 31. Rg1 {[%clk 00:04:18]} {[%emt 00:01:20]} Ng4 {[%clk
00:22:15]} {[%emt 00:01:19]} 32. Rxg4 {[%clk 00:04:31]} {[%emt 00:00:17]} fxg4
{[%clk 00:21:55]} {[%emt 00:00:50]} 33. Nd7+ {[%clk 00:04:50]} {[%emt
00:00:11]} 1-0

[Event "ODJM A 2023"]
[Site "Willingen GER"]
[Date "2023.06.01"]
[Round "7"]
[White "Melde, Benjamin"]
[Black "Beyer, Lorenz"]
[Result "1/2-1/2"]
[Termination "normal"]
[Board "10"]
[WhiteElo "2135"]
[BlackElo "1915"]
[WhiteClock "00:05:05"]
[BlackClock "00:22:59"]
[PlyCount "82"]
[WhiteFideId "12958816"]
[BlackFideId "16245393"]
[EventCountry "GER"]
[EventRounds "9"]
[EventType "swiss"]
[EventDate "2023.05.27"]

1. e4 {[%clk 01:30:58]} {[%emt 00:00:02]} e5 {[%clk 01:30:47]} {[%emt
00:00:14]} 2. Nf3 {[%clk 01:31:21]} {[%emt 00:00:06]} Nf6 {[%clk 01:31:14]}
{[%emt 00:00:03]} 3. Nxe5 {[%clk 01:31:33]} {[%emt 00:00:18]} d6 {[%clk
01:31:40]} {[%emt 00:00:05]} 4. Nf3 {[%clk 01:31:59]} {[%emt 00:00:03]} Nxe4
{[%clk 01:32:07]} {[%emt 00:00:04]} 5. Nc3 {[%clk 01:32:25]} {[%emt 00:00:03]}
Nxc3 {[%clk 01:32:31]} {[%emt 00:00:07]} 6. dxc3 {[%clk 01:32:52]} {[%emt
00:00:04]} Be7 {[%clk 01:32:40]} {[%emt 00:00:21]} 7. Bd3 {[%clk 01:33:16]}
{[%emt 00:00:05]} Bg4 {[%clk 01:32:22]} {[%emt 00:00:48]} 8. Be4 {[%clk
01:21:30]} {[%emt 00:12:16]} c6 {[%clk 01:30:18]} {[%emt 00:02:34]} 9. Qd4
{[%clk 01:18:31]} {[%emt 00:03:30]} Bxf3 {[%clk 01:28:17]} {[%emt 00:02:32]}
10. Bxf3 {[%clk 01:18:39]} {[%emt 00:00:21]} Bf6 {[%clk 01:27:49]} {[%emt
00:00:57]} 11. Qb4 {[%clk 00:59:58]} {[%emt 00:19:12]} Qe7+ {[%clk 01:25:06]}
{[%emt 00:03:13]} 12. Be3 {[%clk 00:59:54]} {[%emt 00:00:34]} Na6 {[%clk
01:17:11]} {[%emt 00:08:24]} 13. Qa5 {[%clk 00:52:20]} {[%emt 00:08:06]} Qc7
{[%clk 01:10:31]} {[%emt 00:07:09]} 14. Qf5 {[%clk 00:46:30]} {[%emt 00:06:20]}
Qd7 {[%clk 01:07:45]} {[%emt 00:03:15]} 15. Qa5 {[%clk 00:46:53]} {[%emt
00:00:08]} Qc7 {[%clk 01:08:11]} {[%emt 00:00:04]} 16. Qf5 {[%clk 00:47:11]}
{[%emt 00:00:13]} Qd7 {[%clk 01:08:34]} {[%emt 00:00:06]} 17. Qh5 {[%clk
00:31:17]} {[%emt 00:16:24]} g6 {[%clk 00:57:12]} {[%emt 00:11:52]} 18. Qh6
{[%clk 00:31:27]} {[%emt 00:00:20]} Nc7 {[%clk 00:56:28]} {[%emt 00:01:13]} 19.
O-O {[%clk 00:23:17]} {[%emt 00:08:42]} Ne6 {[%clk 00:56:15]} {[%emt 00:00:43]}
20. Bg4 {[%clk 00:23:32]} {[%emt 00:00:14]} Qe7 {[%clk 00:55:58]} {[%emt
00:00:47]} 21. Rfe1 {[%clk 00:21:11]} {[%emt 00:02:52]} Bg7 {[%clk 00:54:43]}
{[%emt 00:01:45]} 22. Qh3 {[%clk 00:21:21]} {[%emt 00:00:20]} O-O {[%clk
00:49:18]} {[%emt 00:05:54]} 23. Bd2 {[%clk 00:15:00]} {[%emt 00:06:51]} Rae8
{[%clk 00:44:13]} {[%emt 00:05:35]} 24. Qe3 {[%clk 00:13:20]} {[%emt 00:02:11]}
a6 {[%clk 00:41:01]} {[%emt 00:03:42]} 25. Rad1 {[%clk 00:13:44]} {[%emt
00:00:06]} Qc7 {[%clk 00:38:19]} {[%emt 00:03:12]} 26. Qd3 {[%clk 00:12:05]}
{[%emt 00:02:08]} Nc5 {[%clk 00:38:15]} {[%emt 00:00:36]} 27. Qc4 {[%clk
00:10:13]} {[%emt 00:02:20]} Nd7 {[%clk 00:36:58]} {[%emt 00:01:47]} 28. Qb4
{[%clk 00:08:28]} {[%emt 00:02:15]} Nf6 {[%clk 00:31:29]} {[%emt 00:05:59]} 29.
Bf3 {[%clk 00:07:55]} {[%emt 00:01:04]} Rxe1+ {[%clk 00:29:47]} {[%emt
00:02:12]} 30. Rxe1 {[%clk 00:08:24]} {[%emt 00:00:02]} Re8 {[%clk 00:29:51]}
{[%emt 00:00:26]} 31. Rd1 {[%clk 00:07:51]} {[%emt 00:01:02]} Qe7 {[%clk
00:21:40]} {[%emt 00:08:41]} 32. h3 {[%clk 00:07:03]} {[%emt 00:01:18]} d5
{[%clk 00:21:30]} {[%emt 00:00:41]} 33. Qb3 {[%clk 00:05:59]} {[%emt 00:01:33]}
Ne4 {[%clk 00:20:23]} {[%emt 00:01:37]} 34. Re1 {[%clk 00:05:51]} {[%emt
00:00:38]} Nxd2 {[%clk 00:18:49]} {[%emt 00:02:04]} 35. Rxe7 {[%clk 00:05:04]}
{[%emt 00:01:17]} Rxe7 {[%clk 00:19:14]} {[%emt 00:00:06]} 36. Qb4 {[%clk
00:03:29]} {[%emt 00:02:05]} Re1+ {[%clk 00:19:24]} {[%emt 00:00:19]} 37. Kh2
{[%clk 00:03:58]} {[%emt 00:00:02]} Nf1+ {[%clk 00:11:55]} {[%emt 00:07:58]}
38. Kg1 {[%clk 00:03:47]} {[%emt 00:00:42]} Ng3+ {[%clk 00:06:42]} {[%emt
00:05:41]} 39. Kh2 {[%clk 00:04:11]} {[%emt 00:00:07]} Nf1+ {[%clk 00:06:52]}
{[%emt 00:00:19]} 40. Kg1 {[%clk 00:04:40]} {[%emt 00:00:02]} Nd2+ {[%clk
00:07:16]} {[%emt 00:00:07]} 41. Kh2 {[%clk 00:05:05]} {[%emt 00:00:05]} Nf1+
{[%clk 00:22:59]} {[%emt 00:14:47]} 1/2-1/2

[Event "ODJM A 2023"]
[Site "Willingen GER"]
[Date "2023.06.01"]
[Round "7"]
[White "Stork, Christopher"]
[Black "Gold, Florian"]
[Result "1-0"]
[Termination "normal"]
[Board "11"]
[WhiteElo "2035"]
[BlackElo "1841"]
[WhiteClock "00:37:50"]
[BlackClock "01:16:09"]
[PlyCount "53"]
[WhiteFideId "16215400"]
[BlackFideId "16220536"]
[EventCountry "GER"]
[EventRounds "9"]
[EventType "swiss"]
[EventDate "2023.05.27"]

1. e4 {[%clk 01:30:51]} {[%emt 00:00:08]} e6 {[%clk 01:30:44]} {[%emt
00:00:16]} 2. d4 {[%clk 01:31:02]} {[%emt 00:00:19]} d5 {[%clk 01:31:10]}
{[%emt 00:00:05]} 3. Nd2 {[%clk 01:31:27]} {[%emt 00:00:04]} Be7 {[%clk
01:31:28]} {[%emt 00:00:12]} 4. e5 {[%clk 01:24:03]} {[%emt 00:07:55]} c5
{[%clk 01:31:42]} {[%emt 00:00:16]} 5. c3 {[%clk 01:23:54]} {[%emt 00:00:40]}
cxd4 {[%clk 01:32:06]} {[%emt 00:00:07]} 6. cxd4 {[%clk 01:24:19]} {[%emt
00:00:03]} Qb6 {[%clk 01:32:25]} {[%emt 00:00:11]} 7. Ngf3 {[%clk 01:20:59]}
Nh6 {[%clk 01:30:50]} {[%emt 00:05:55]} 8. Bd3 {[%clk 01:17:10]} Nc6 {[%clk
01:30:18]} {[%emt 00:05:20]} 9. O-O {[%clk 01:11:11]} {[%emt 00:06:29]} O-O
{[%clk 01:30:37]} {[%emt 00:00:12]} 10. Nb3 {[%clk 01:10:13]} {[%emt 00:01:28]}
Nf5 {[%clk 01:30:58]} {[%emt 00:00:09]} 11. g4 {[%clk 00:56:58]} {[%emt
00:13:43]} Nh4 {[%clk 01:30:09]} {[%emt 00:01:20]} 12. Nxh4 {[%clk 00:56:00]}
{[%emt 00:01:29]} Bxh4 {[%clk 01:30:36]} {[%emt 00:00:02]} 13. g5 {[%clk
00:55:33]} {[%emt 00:00:58]} h6 {[%clk 01:24:04]} {[%emt 00:07:02]} 14. gxh6
{[%clk 00:53:05]} {[%emt 00:02:58]} f5 {[%clk 01:20:51]} {[%emt 00:03:44]} 15.
exf6 {[%clk 00:47:28]} {[%emt 00:06:06]} Bxf6 {[%clk 01:21:10]} {[%emt
00:00:11]} 16. Be3 {[%clk 00:43:52]} {[%emt 00:04:06]} gxh6 {[%clk 01:18:10]}
{[%emt 00:03:30]} 17. Qh5 {[%clk 00:42:33]} {[%emt 00:01:48]} Ne7 {[%clk
01:15:19]} {[%emt 00:03:23]} 18. Kh1 {[%emt 00:04:25]} Nf5 {[%emt 00:04:18]}
19. Bxf5 {[%clk 00:36:47]} {[%emt 00:00:08]} exf5 {[%emt 00:00:24]} 20. Rg1+
{[%clk 00:36:49]} {[%emt 00:00:05]} Bg7 {[%clk 01:14:27]} {[%emt 00:00:15]} 21.
Bxh6 {[%clk 00:36:52]} {[%emt 00:00:26]} Rf7 {[%clk 01:14:05]} {[%emt
00:00:52]} 22. Bxg7 {[%clk 00:35:58]} {[%emt 00:01:26]} Rxg7 {[%clk 01:14:33]}
{[%emt 00:00:01]} 23. Qe8+ {[%clk 00:36:09]} {[%emt 00:00:19]} Kh7 {[%clk
01:14:53]} {[%emt 00:00:11]} 24. Rxg7+ {[%clk 00:36:35]} {[%emt 00:00:04]} Kxg7
{[%clk 01:15:17]} {[%emt 00:00:05]} 25. Rg1+ {[%clk 00:37:01]} {[%emt
00:00:04]} Kh7 {[%clk 01:15:41]} {[%emt 00:00:06]} 26. Qg8+ {[%clk 00:37:27]}
{[%emt 00:00:05]} Kh6 {[%clk 01:16:09]} {[%emt 00:00:02]} 27. Qh8# {[%clk
00:37:50]} {[%emt 00:00:06]} 1-0

[Event "ODJM A 2023"]
[Site "Willingen GER"]
[Date "2023.06.01"]
[Round "7"]
[White "Brunner, Tobias"]
[Black "Korbel, Joshua"]
[Result "1-0"]
[Termination "normal"]
[Board "12"]
[WhiteElo "2017"]
[BlackElo "1682"]
[WhiteClock "00:14:51"]
[BlackClock "00:00:50"]
[PlyCount "65"]
[WhiteFideId "12949833"]
[BlackFideId "16273184"]
[EventCountry "GER"]
[EventRounds "9"]
[EventType "swiss"]
[EventDate "2023.05.27"]

1. e4 {[%clk 01:30:57]} {[%emt 00:00:03]} g6 {[%clk 01:30:58]} {[%emt
00:00:02]} 2. d4 {[%clk 01:31:17]} {[%emt 00:00:09]} Bg7 {[%clk 01:31:26]}
{[%emt 00:00:02]} 3. f4 {[%clk 01:31:41]} {[%emt 00:00:06]} d6 {[%clk
01:31:50]} {[%emt 00:00:07]} 4. c3 {[%clk 01:31:38]} {[%emt 00:00:31]} Nf6
{[%clk 01:29:30]} {[%emt 00:02:50]} 5. Bd3 {[%clk 01:30:57]} {[%emt 00:01:10]}
Nbd7 {[%clk 01:27:16]} {[%emt 00:02:45]} 6. Nf3 {[%clk 01:31:13]} {[%emt
00:00:13]} c5 {[%clk 01:23:58]} {[%emt 00:03:48]} 7. d5 {[%clk 01:26:01]}
{[%emt 00:05:42]} O-O {[%clk 01:21:29]} {[%emt 00:03:00]} 8. c4 {[%clk
01:25:19]} {[%emt 00:01:12]} Qb6 {[%clk 01:17:53]} {[%emt 00:04:06]} 9. Nc3
{[%clk 01:24:22]} {[%emt 00:01:27]} e6 {[%clk 01:13:55]} {[%emt 00:04:28]} 10.
O-O {[%clk 01:23:14]} {[%emt 00:01:37]} exd5 {[%clk 01:12:05]} {[%emt
00:02:21]} 11. exd5 {[%clk 01:23:32]} {[%emt 00:00:11]} Re8 {[%clk 01:05:18]}
{[%emt 00:07:18]} 12. h3 {[%clk 01:17:59]} {[%emt 00:06:01]} Nf8 {[%clk
01:01:34]} {[%emt 00:04:14]} 13. Qc2 {[%clk 01:17:49]} {[%emt 00:00:40]} Bd7
{[%clk 00:58:35]} {[%emt 00:03:29]} 14. Bd2 {[%clk 01:08:46]} {[%emt 00:09:34]}
Re7 {[%clk 00:56:10]} {[%emt 00:02:56]} 15. f5 {[%clk 01:07:29]} {[%emt
00:01:46]} Be8 {[%clk 00:40:15]} {[%emt 00:16:26]} 16. g4 {[%clk 01:01:56]}
{[%emt 00:06:01]} h6 {[%clk 00:36:26]} {[%emt 00:04:21]} 17. fxg6 {[%clk
00:56:42]} {[%emt 00:05:44]} fxg6 {[%clk 00:32:49]} {[%emt 00:04:06]} 18. Nh4
{[%clk 00:56:17]} {[%emt 00:00:55]} Kh7 {[%clk 00:30:37]} {[%emt 00:02:42]} 19.
Ne2 {[%clk 00:44:50]} {[%emt 00:11:56]} N6d7 {[%clk 00:24:15]} {[%emt
00:06:53]} 20. Rab1 {[%clk 00:41:59]} {[%emt 00:03:21]} Qd8 {[%clk 00:19:13]}
{[%emt 00:05:32]} 21. Nf4 {[%clk 00:33:15]} {[%emt 00:09:15]} Ne5 {[%clk
00:18:01]} {[%emt 00:01:42]} 22. Be4 {[%clk 00:33:04]} {[%emt 00:00:41]} Bf7
{[%clk 00:12:56]} {[%emt 00:05:35]} 23. Rbe1 {[%clk 00:26:23]} {[%emt
00:07:11]} Qe8 {[%clk 00:11:49]} {[%emt 00:01:39]} 24. Nh5 {[%clk 00:24:52]}
{[%emt 00:02:00]} Kh8 {[%clk 00:08:49]} {[%emt 00:03:30]} 25. Nxg7 {[%clk
00:20:58]} {[%emt 00:04:24]} Kxg7 {[%clk 00:09:13]} {[%emt 00:00:06]} 26. Rf2
{[%clk 00:15:30]} {[%emt 00:05:58]} Qd8 {[%clk 00:04:47]} {[%emt 00:04:56]} 27.
Qc1 {[%clk 00:15:00]} {[%emt 00:00:59]} Nxg4 {[%clk 00:02:41]} {[%emt
00:02:36]} 28. hxg4 {[%clk 00:15:13]} {[%emt 00:00:17]} Rxe4 {[%clk 00:03:01]}
{[%emt 00:00:09]} 29. Rxe4 {[%clk 00:14:32]} {[%emt 00:01:11]} Qxh4 {[%clk
00:03:17]} {[%emt 00:00:16]} 30. Qc3+ {[%clk 00:14:15]} {[%emt 00:00:47]} Kg8
{[%clk 00:03:20]} {[%emt 00:00:27]} 31. Rh2 {[%clk 00:14:17]} {[%emt 00:00:28]}
Qd8 {[%clk 00:03:02]} {[%emt 00:00:48]} 32. Bxh6 {[%clk 00:14:30]} {[%emt
00:00:16]} Qh4 {[%clk 00:00:50]} {[%emt 00:02:43]} 33. Qg7# {[%clk 00:14:51]}
{[%emt 00:00:08]} 1-0

[Event "ODJM A 2023"]
[Site "Willingen GER"]
[Date "2023.06.01"]
[Round "7"]
[White "Held, Momme Fredrik"]
[Black "Eberhart, Erik"]
[Result "0-1"]
[Termination "normal"]
[Board "13"]
[WhiteElo "1914"]
[BlackElo "1764"]
[WhiteClock "00:17:02"]
[BlackClock "00:21:49"]
[PlyCount "100"]
[WhiteFideId "16237692"]
[BlackFideId "16239970"]
[EventCountry "GER"]
[EventRounds "9"]
[EventType "swiss"]
[EventDate "2023.05.27"]

1. c4 {[%clk 01:30:58]} b6 {[%clk 01:30:50]} {[%emt 00:00:11]} 2. Nc3 {[%clk
01:31:17]} {[%emt 00:00:12]} Bb7 {[%clk 01:31:17]} {[%emt 00:00:02]} 3. e4
{[%clk 01:31:35]} {[%emt 00:00:13]} e6 {[%clk 01:31:41]} {[%emt 00:00:05]} 4.
g3 {[%clk 01:31:20]} {[%emt 00:00:46]} f5 {[%clk 01:32:05]} {[%emt 00:00:04]}
5. Bg2 {[%clk 01:30:57]} {[%emt 00:00:54]} Nf6 {[%clk 01:31:17]} {[%emt
00:01:19]} 6. d3 {[%clk 01:29:16]} {[%emt 00:02:10]} fxe4 {[%clk 01:31:34]}
{[%emt 00:00:13]} 7. Bg5 {[%clk 01:24:51]} {[%emt 00:04:55]} Be7 {[%clk
01:17:42]} {[%emt 00:14:22]} 8. Bxf6 {[%clk 01:06:37]} {[%emt 00:18:45]} Bxf6
{[%clk 01:18:01]} {[%emt 00:00:10]} 9. Nxe4 {[%clk 01:06:50]} {[%emt 00:00:17]}
Bxb2 {[%clk 00:58:27]} {[%emt 00:20:03]} 10. Nd6+ {[%clk 00:54:48]} {[%emt
00:12:31]} cxd6 {[%clk 00:58:51]} {[%emt 00:00:07]} 11. Bxb7 {[%clk 00:55:13]}
{[%emt 00:00:06]} Nc6 {[%clk 00:59:16]} {[%emt 00:00:04]} 12. Rb1 {[%clk
00:51:36]} {[%emt 00:04:07]} Bc3+ {[%clk 00:59:37]} {[%emt 00:00:09]} 13. Kf1
{[%clk 00:52:02]} {[%emt 00:00:04]} Rb8 {[%clk 00:57:59]} {[%emt 00:02:09]} 14.
Bxc6 {[%clk 00:52:14]} {[%emt 00:00:16]} dxc6 {[%clk 00:58:25]} {[%emt
00:00:03]} 15. Ne2 {[%clk 00:52:38]} {[%emt 00:00:07]} Bf6 {[%clk 00:58:39]}
{[%emt 00:00:16]} 16. Nf4 {[%clk 00:52:20]} {[%emt 00:00:47]} Qd7 {[%clk
00:52:53]} {[%emt 00:06:17]} 17. Kg2 {[%clk 00:44:17]} {[%emt 00:08:31]} O-O
{[%clk 00:52:34]} {[%emt 00:00:50]} 18. d4 {[%clk 00:41:11]} {[%emt 00:03:37]}
Bxd4 {[%clk 00:50:19]} {[%emt 00:02:45]} 19. Qg4 {[%clk 00:39:36]} {[%emt
00:02:04]} c5 {[%clk 00:44:00]} {[%emt 00:06:50]} 20. Rhe1 {[%clk 00:39:08]}
{[%emt 00:00:57]} Rbe8 {[%clk 00:42:28]} {[%emt 00:02:03]} 21. f3 {[%clk
00:37:32]} {[%emt 00:02:06]} Be5 {[%clk 00:41:11]} {[%emt 00:01:45]} 22. Nh3
{[%clk 00:32:45]} {[%emt 00:05:19]} Qf7 {[%clk 00:35:50]} {[%emt 00:05:51]} 23.
f4 {[%clk 00:31:50]} {[%emt 00:01:26]} Bf6 {[%clk 00:35:52]} {[%emt 00:00:26]}
24. Rbd1 {[%clk 00:32:08]} {[%emt 00:00:14]} d5 {[%clk 00:35:02]} {[%emt
00:01:20]} 25. Ng5 {[%clk 00:29:43]} {[%emt 00:02:55]} Bxg5 {[%clk 00:32:34]}
{[%emt 00:02:59]} 26. Qxg5 {[%clk 00:30:05]} {[%emt 00:00:07]} d4 {[%clk
00:32:00]} {[%emt 00:01:05]} 27. Re5 {[%clk 00:30:26]} {[%emt 00:00:10]} Qg6
{[%clk 00:30:11]} {[%emt 00:02:19]} 28. Qxg6 {[%clk 00:28:30]} {[%emt
00:02:26]} hxg6 {[%clk 00:30:36]} {[%emt 00:00:04]} 29. a4 {[%clk 00:28:39]}
{[%emt 00:00:22]} Rf5 {[%clk 00:30:26]} {[%emt 00:00:40]} 30. a5 {[%clk
00:27:27]} {[%emt 00:01:41]} Rxe5 {[%clk 00:30:43]} {[%emt 00:00:12]} 31. fxe5
{[%clk 00:27:53]} {[%emt 00:00:05]} Rb8 {[%clk 00:25:26]} {[%emt 00:05:46]} 32.
Rb1 {[%clk 00:24:28]} {[%emt 00:03:55]} Kf7 {[%clk 00:25:10]} {[%emt 00:00:47]}
33. Kf3 {[%clk 00:24:29]} {[%emt 00:00:29]} Ke7 {[%clk 00:24:42]} {[%emt
00:00:58]} 34. Ke2 {[%clk 00:24:40]} {[%emt 00:00:19]} Rb7 {[%clk 00:22:33]}
{[%emt 00:02:39]} 35. Kd3 {[%clk 00:24:37]} {[%emt 00:00:33]} Kd7 {[%clk
00:22:34]} {[%emt 00:00:29]} 36. h4 {[%clk 00:18:34]} {[%emt 00:06:34]} Kc6
{[%clk 00:22:35]} {[%emt 00:00:29]} 37. axb6 {[%clk 00:17:49]} {[%emt
00:01:15]} axb6 {[%clk 00:20:57]} {[%emt 00:02:08]} 38. Rf1 {[%clk 00:16:43]}
{[%emt 00:01:35]} b5 {[%clk 00:20:21]} {[%emt 00:01:07]} 39. cxb5+ {[%clk
00:16:39]} {[%emt 00:00:35]} Rxb5 {[%clk 00:20:43]} {[%emt 00:00:07]} 40. Rf7
{[%clk 00:17:03]} {[%emt 00:00:05]} Rb7 {[%clk 00:21:06]} {[%emt 00:00:07]} 41.
Rf8 {[%clk 00:14:34]} {[%emt 00:03:00]} Kd5 {[%clk 00:21:22]} {[%emt 00:00:13]}
42. Rd8+ {[%clk 00:14:33]} {[%emt 00:00:32]} Kxe5 {[%clk 00:21:43]} {[%emt
00:00:09]} 43. g4 {[%clk 00:14:56]} {[%emt 00:00:06]} Rb3+ {[%clk 00:21:36]}
{[%emt 00:00:38]} 44. Kc4 {[%clk 00:15:21]} {[%emt 00:00:05]} Rc3+ {[%clk
00:21:56]} {[%emt 00:00:08]} 45. Kb5 {[%clk 00:15:48]} {[%emt 00:00:05]} d3
{[%clk 00:21:56]} {[%emt 00:00:30]} 46. h5 {[%clk 00:15:55]} {[%emt 00:00:22]}
gxh5 {[%clk 00:22:05]} {[%emt 00:00:22]} 47. gxh5 {[%clk 00:16:20]} {[%emt
00:00:05]} c4 {[%clk 00:21:00]} {[%emt 00:01:35]} 48. Rd7 {[%clk 00:16:30]}
{[%emt 00:00:20]} Kf6 {[%clk 00:21:19]} {[%emt 00:00:11]} 49. Kb4 {[%clk
00:16:53]} {[%emt 00:00:06]} Rc2 {[%clk 00:21:43]} {[%emt 00:00:06]} 50. Rd8
{[%clk 00:17:02]} {[%emt 00:00:23]} d2 {[%clk 00:21:49]} {[%emt 00:00:22]} 0-1